Jewish life in Arabic language and Jerusalem Arabic in communal perspective : (Record no. 55194)
[ view plain ]
| 000 -LEADER | |
|---|---|
| fixed length control field | 01614cam a22003614a 4500 |
| 001 - CONTROL NUMBER | |
| control field | 11880844 |
| 003 - CONTROL NUMBER IDENTIFIER | |
| control field | OSt |
| 005 - DATE AND TIME OF LATEST TRANSACTION | |
| control field | 20121016161833.0 |
| 008 - FIXED-LENGTH DATA ELEMENTS--GENERAL INFORMATION | |
| fixed length control field | 000104s2000 ne b 001 0 eng |
| 010 ## - LIBRARY OF CONGRESS CONTROL NUMBER | |
| LC control number | 00020629 |
| 020 ## - INTERNATIONAL STANDARD BOOK NUMBER | |
| International Standard Book Number | 9004117628 (alk. paper) |
| 040 ## - CATALOGING SOURCE | |
| Original cataloging agency | DLC |
| Transcribing agency | DLC |
| 042 ## - AUTHENTICATION CODE | |
| Authentication code | pcc |
| 043 ## - GEOGRAPHIC AREA CODE | |
| Geographic area code | a-is--- |
| 050 00 - LIBRARY OF CONGRESS CALL NUMBER | |
| Classification number | PJ6809.J4 |
| Item number | P53 2000 |
| 082 00 - DEWEY DECIMAL CLASSIFICATION NUMBER | |
| Classification number | 492.7/709569442 |
| Edition number | 21 |
| 100 1# - MAIN ENTRY--PERSONAL NAME | |
| Personal name | Piamenta, M. |
| Fuller form of name | (Moshe) |
| 9 (RLIN) | 17470 |
| 245 10 - TITLE STATEMENT | |
| Title | Jewish life in Arabic language and Jerusalem Arabic in communal perspective : |
| Remainder of title | a lexico-semantic study / |
| Statement of responsibility, etc | by Moshe Piamenta. |
| 260 ## - PUBLICATION, DISTRIBUTION, ETC. (IMPRINT) | |
| Place of publication, distribution, etc | Leiden ; |
| -- | Boston : |
| Name of publisher, distributor, etc | Brill, |
| Date of publication, distribution, etc | 2000. |
| 300 ## - PHYSICAL DESCRIPTION | |
| Extent | xvi, 274, [1] p. ; |
| Dimensions | 25 cm. |
| 490 1# - SERIES STATEMENT | |
| Series statement | Studies in Semitic languages and linguistics, |
| International Standard Serial Number | 0081-8461 ; |
| Volume number/sequential designation | v. 30 |
| 504 ## - BIBLIOGRAPHY, ETC. NOTE | |
| Bibliography, etc | Includes bibliographical references (p. [275]) and index. |
| 650 #0 - SUBJECT ADDED ENTRY--TOPICAL TERM | |
| Topical term or geographic name as entry element | Arabic language |
| General subdivision | Dialects |
| Geographic subdivision | Jerusalem. |
| 9 (RLIN) | 18041 |
| 650 #0 - SUBJECT ADDED ENTRY--TOPICAL TERM | |
| Topical term or geographic name as entry element | Arabic language |
| General subdivision | Social aspects |
| Geographic subdivision | Jerusalem. |
| 9 (RLIN) | 18042 |
| 650 #0 - SUBJECT ADDED ENTRY--TOPICAL TERM | |
| Topical term or geographic name as entry element | Hebrew language |
| General subdivision | Influence on Arabic. |
| 9 (RLIN) | 18043 |
| 650 #0 - SUBJECT ADDED ENTRY--TOPICAL TERM | |
| Topical term or geographic name as entry element | Languages in contact |
| Geographic subdivision | Jerusalem. |
| 9 (RLIN) | 18044 |
| 650 #0 - SUBJECT ADDED ENTRY--TOPICAL TERM | |
| Topical term or geographic name as entry element | Language and culture |
| Geographic subdivision | Jerusalem. |
| 9 (RLIN) | 18045 |
| 830 #0 - SERIES ADDED ENTRY--UNIFORM TITLE | |
| Uniform title | Studies in Semitic languages and linguistics ; |
| Volume number/sequential designation | 30. |
| 9 (RLIN) | 18046 |
| 906 ## - LOCAL DATA ELEMENT F, LDF (RLIN) | |
| a | 7 |
| b | cbc |
| c | orignew |
| d | 1 |
| e | ocip |
| f | 20 |
| g | y-gencatlg |
| 942 ## - ADDED ENTRY ELEMENTS (KOHA) | |
| Source of classification or shelving scheme | Library of Congress Classification |
| Koha item type | Books |
| Withdrawn status | Lost status | Source of classification or shelving scheme | Damaged status | Not for loan | Collection code | Home library | Current library | Shelving location | Date acquired | Source of acquisition | Cost, normal purchase price | Total Checkouts | Full call number | Barcode | Date last seen | Copy number | Price effective from | Koha item type |
|---|---|---|---|---|---|---|---|---|---|---|---|---|---|---|---|---|---|---|
| Library of Congress Classification | General Circulation | AIU/NEGST - Tony Wilmot Memorial Library | AIU/NEGST - Tony Wilmot Memorial Library | General Stacks | 10/16/2012 | Donation-TBN | 50.00 | PJ 6809.J4P53 2000 | R47569Y3232 | 09/26/2019 | 1 | 10/16/2012 | Books |
